000 00278nam a22001337a 4500
008 231124b ||||| |||| 00| 0 eng d
041 _aeng
080 _a101
082 _a101MAC
100 _a44
101 _aFILOZ
245 _aAFTER VIRTUE
_cMACINTYRE.A
942 _2udc
_cBK
999 _c60502
_d60502